| 000 | 01841nam a2200373 c 4500 | ||
|---|---|---|---|
| 003 | BLK | ||
| 005 | 20180422104227.0 | ||
| 008 | 180408b bul|||||r ||||||| ||bul|| | ||
| 010 | _aKNG00089805000 | ||
| 020 |
_a978-954-655-012-5 _bиздат.: Бард |
||
| 040 | _aBLK | ||
| 041 |
_aBUL _cBUL |
||
| 080 |
_aНаука. Наукознание. Организация на умствения труд _b001 _x(02.062) _z001(02.062) |
||
| 080 |
_aРазпространяване на научните знания - популяризиране на науката, занимателна наука, учение за явленията научно необяснени, заблуждения и фалшификации, илюзии и др. п., секретност на научните знания _b001.9 _x(02.062) _z001.9(02.062) |
||
| 100 | 1 |
_aСейгън, Карл _eпърви автор _9119422 |
|
| 700 | 1 |
_aДамянов, Маргарит Маргаритов _eпрев. _9368565 |
|
| 139 |
_aСейгън, Карл _bС 30 |
||
| 245 | 1 | 0 |
_aСвят, населен с демони _bНауката като свещ в мрака _cКарл Сейгън; прев. Маргарит Маргаритов Дамянов. |
| 257 | _aUSA | ||
| 260 |
_аСофия _bБард _c2009 _fХасково : Полиграфюг |
||
| 300 |
_a510 с. _c21 см |
||
| 380 | _aX | ||
| 500 | _aОриг. загл. The Demon-Haunted World / Carl Sagan. - Офс. изд. - Съдържа и За автора. | ||
| 650 | 4 |
_aНаука _9163554 |
|
| 650 | 4 |
_aПсевдонаука _9168262 |
|
| 653 | _aнаука | ||
| 653 | _aлъженаука | ||
| 653 | _aпсевдонаука | ||
| 852 | _aЦб 244229 | ||
| 856 | 4 |
_qpdf _u |
|
| 856 | 4 |
_qpdf _u |
|
| 942 |
_cKNG _n0 |
||
| 944 |
_aCR _c10.06.2009 _lф / _kМилена_Ачева |
||
| 944 |
_aED _c18.10.2011 _lф / _k |
||
| 999 |
_c85209 _d85209 |
||